Совершенствование качества образования (Запись № 9709993)

Подробности
000 -МАРКЕР
контрольное поле 01632nam1a2200277 i 4500
001 - ИДЕНТИФИКАТОР ЗАПИСИ
контрольное поле RU\NLR\BIBL_A\010401553
005 - ИДЕНТИФИКАТОР ВЕРСИИ
контрольное поле 20260408111703.0
035 ## - ДРУГИЕ СИСТЕМНЫЕ НОМЕРА
Идентификатор записи (NLR Aleph) 010401553
100 ## - ДАННЫЕ ОБЩЕЙ ОБРАБОТКИ
Данные общей обработки 20131119g20139999k y0rusy50 ca
101 0# - ЯЗЫК РЕСУРСА
Язык текста, звукозаписи и т.д. русский
102 ## - СТРАНА ПУБЛИКАЦИИ ИЛИ ПРОИЗВОДСТВА
Страна публикации Российская Федерация
105 ## - ПОЛЕ КОДИРОВАННЫХ ДАННЫХ: ТЕКСТОВЫЕ МАТЕРИАЛЫ, МОНОГРАФИЧЕСКИЕ
Кодированные данные о монографическом текстовом документе a ||z||||00yy
200 1# - ЗАГЛАВИЕ И СВЕДЕНИЯ ОБ ОТВЕТСТВЕННОСТИ
Основное заглавие Совершенствование качества образования
Сведения, относящиеся к заглавию материалы X (XXVI) Всероссийской научно-методической конференции, 4-6 марта 2013 года
-- [в 4 ч.
Первые сведения об ответственности редкол.: Белокобыльский С.В., д.т.н., проф. (пред.) и др.]
210 ## - ПУБЛИКАЦИЯ, РАСПРОСТРАНЕНИЕ И ДР.
Место издания, распространения и т.д. Братск
Имя издателя, распространителя и т. д. Изд-во Братского государственного университета
Дата издания, распространения и т.д. 2013
215 ## - ФИЗИЧЕСКАЯ ХАРАКТЕРИСТИКА
Размеры 21
300 ## - ОБЩИЕ ПРИМЕЧАНИЯ
Текст примечания В надзаг.: М-во образования и науки РФ, ФГБОУ ВПО "Брат. гос. ун-т"
606 1# - НАИМЕНОВАНИЕ ТЕМЫ КАК ПРЕДМЕТ
Наименование темы Образование
Формальный подзаголовок Съезды, совещания и т.п
Тематический подзаголовок Качество
Географический подзаголовок Российская Федерация
Системный номер авторитетной/нормативной записи 2459440
Идентификатор авторитетной/нормативной записи RU\NLR\AUTH\661461557
686 1# - ИНДЕКСЫ ДРУГИХ КЛАССИФИКАЦИЙ
Индекс Ч312.8я431
702 #1 - ИМЯ ЛИЦА - ВТОРИЧНАЯ ОТВЕТСТВЕННОСТЬ
Начальный элемент ввода Белокобыльский
Часть имени, кроме начального элемента ввода С. В.
Даты 1952-
Расширение инициалов личного имени Сергей Владимирович
Код отношения Редактор
711 12 - НАИМЕНОВАНИЕ ОРГАНИЗАЦИИ - АЛЬТЕРНАТИВНАЯ ОТВЕТСТВЕННОСТЬ
Начальный элемент ввода "Совершенствование качества образования", всероссийская научно-методическая конференция
Порядковый номер временной организации и / или порядковый номер ее части 10
Место проведения временной организации Братск
Дата проведения временной организации 2013
Системный номер авторитетной/нормативной записи 383967
Идентификатор авторитетной/нормативной записи RU\NLR\AUTH\880358217
852 ## - МЕСТОНАХОЖДЕНИЕ И ШИФР ХРАНЕНИЯ
Идентификатор организации NLR
Шифр хранения (Call Number) 2013-3/34274
942 ## - ДОПОЛНИТЕЛЬНЫЕ ЭЛЕМЕНТЫ ЗАПИСИ (АБИС)
Тип экземпляра АБИС Книга

Нет доступных экземпляров.